Hazardous waste imcineration enginering (Record no. 30734)

MARC details
000 -LEADER
fixed length control field 00439nam a2200181Ia 4500
020 ## - INTERNATIONAL STANDARD BOOK NUMBER
ISBN 0-8155-0877-8
050 ## - CALL MARK
Classification number TD811.5.H398/
100 ## - STATEMENT OF RESPONSIBILITY--MAIN AUTHOR NAME
Personal name T. Bonner
245 #0 - TITLE STATEMENT
Title Hazardous waste imcineration enginering
260 ## - PUBLICATION, DISTRIBUTION, ETC. (IMPRINT)
Place of publication New Jersey
260 ## - PUBLICATION, DISTRIBUTION, ETC. (IMPRINT)
Name of publisher Noyes Data Corporation
260 ## - PUBLICATION, DISTRIBUTION, ETC. (IMPRINT)
Year of publication 1981
300 ## - PHYSICAL DESCRIPTION
Number of Pages 432 p
650 ## - SUBJECT ADDED ENTRY--TOPICAL TERM
Topical Term Harzadous waste
942 ## - ADDED ENTRY ELEMENTS (KOHA)
Koha item type Books
Holdings
Withdrawn status Lost status Source of classification or shelving scheme Damaged status Not for loan Permanent Location Current Location Date acquired Accession Number Price effective from Koha item type
    Library of Congress Classification     NILE UNIVERSITY OF NIGERIA - MAIN LIBRARY NILE UNIVERSITY OF NIGERIA - MAIN LIBRARY 04/23/2025 0009272 04/23/2025 Books